01349nam a22003377a 4500003000500000005001700005008004100022010001000063011001000073035001000083040000900093082001600102111010300118245001500221260005100236300001100287590004100298590004100339590004100380590004100421590004100462590004200503650003400545901000700579942001000586949005700596949007100653999001700724952012900741952014100870CHAP20220329140111.0971013s1984 r 10010 d a46976 a47948 a52092 cCHAP a574.5bR48s00aReunión Regional de Ecología. Zona Sureste (n1d: 1984c: Tuxtla Gutiérrez, Chiapas)996613 a(Memorias) a(s.l.) :bSubsecretaría de Ecología,c1984 a277 p. aBATCH-UPDb10c20130109lUCH01h2317 aBATCH-UPDb10c20130110lUCH01h1417 aBATCH-UPDb10c20130409lUCH01h1839 aBATCH-UPDb10c20130410lUCH01h0901 aBATCH-UPDb10c20130914lUCH01h1228 aCONVERSIONb10c20130109lUCH01h132614aEcologíaxCongresos.935138 aBK cLIBRO a574.5 R48sbBCcCONGd-116237eCONGh62114i52092si a574.5 R48sbBCcLIBROd33724000470456eLIBROfc.2h79067i52092si c46976d46976 00102ddc4051708CONGaBCbBCcPA_CONGd2019-12-31fLIBROl0o574.5 R48sp-116237r2019-12-31 00:00:00w2019-12-31yLIBRO 00102ddc4052708GRALaBCbBCcPA_GRALd2019-12-31fLIBROl0o574.5 R48sp33724000470456r2019-12-31 00:00:00tc.2w2019-12-31yLIBRO